| 000 | 00903nac a22002411u 4500 | ||
|---|---|---|---|
| 010 | _a 82019294 | ||
| 020 | _a0898745675 (pbk. : v. 1) | ||
| 020 | _a0340589167 | ||
| 082 | 0 | 0 |
_a669 _bH6361 |
| 090 |
_c4477 _d4477 |
||
| 100 | _aHiggins, Raymond Aurel | ||
| 245 | 1 | 0 |
_aEngineering metallurgy :Part1 Applied Physical Metallurgy/ _cRaymond A. Higgins. |
| 250 | _a6th ed. | ||
| 260 |
_aMalabar, Fla. : _bR.E. Krieger Pub. Co., _c1983. |
||
| 300 |
_a2 v. : _bill. ; _c22 cm. |
||
| 500 | _aPt. 1, 5th ed. | ||
| 500 | _aPt. 2, 2nd ed., c1970, seventh impression 1983. | ||
| 504 | _aIncludes bibliographical references and indexes. | ||
| 505 | 0 | _apt. 1. Applied physical metallurgy -- pt. 2. Metallurgical process technology. | |
| 650 | 0 | _aMetallurgy. | |
| 942 |
_cBB _k669H6361 |
||
| 999 |
_c4477 _d4477 |
||